000 02436nam a2200313 a 4500
001
003 DO-SdBNP
005 20210517122026.0
008 181204s2018 dr a r 000 0 spa d
020 _z978684198245
040 _aBPMSU
_bspa
_cBPMSU
082 _a658.3125
_bD418e 2018
_222
100 1 _aD'Oleo Puig, Jonathan
245 1 0 _aEmprende dinámica :
_bconceptos, paradigmas y finanzas /
_cJonathan D'oleo Puig.
260 _aSanto Domingo :
_bD'oleo Analytica,
_c2018.
300 _aiii, 251 p. :
_bil. ;
_c22 cm.
500 _aIncluye datos biográficos del autor en las solapas
504 _aBibliografía : p. 249-251
505 _aPrólogo -- Del análisis a la ejecución -- El significado de emprender -- Emprenda lo que entienda -- Sostenibilidad y estrategia -- Más allá del ensayo-error -- En ti está el detalle -- Saber antes de probar -- Inteligencia empresarial -- Alteraciones disruptivas -- Segmentando el mercado -- Análisis marginal -- Sinfonía empresarial -- Riesgo y oportunidad -- Calidad: clave de la felicidad -- Causalidad -- Cultura de trabajo en equipo -- Lo que se mide se consigue -- Delega y sé estratega -- Engendrar versus crear -- Comunica acción -- Cambio y continuidad -- Ètica: más allá de la estética -- Disrupción en acción -- Estrategia del océano azúl -- El negocio está en la tinta -- Motivación -- William Edwards Deming -- Èxito en velocidad crucero -- Glocalización -- ¡Ocio! ¿Bueno para los negocios? -- Emprende tu frustración -- Apuntemos...por si las moscas -- ¿Qué es lo que vendes? -- Ventanas por espejos -- Llena el blanco -- Calla y emprende -- Estándar de excelencia -- Jesús: maestro emprendedor -- De lo que aprendí en Wall Street -- Diversificación -- Principios de ahorro e inversión -- ¿Inversionista o consumidor inmediatista? -- Evaluando riesgos; conquistando sueños -- El inversionista inteligente -- De lo pecuario a lo monetario -- Gastos de temporada -- Voz, verbo y dinero -- De la cueva al mundo de las ideas -- La empresa en la era posmoderna, -- De lo medible a lo insondable -- Sintetizando la dinámica.
590 _aInventariado, 2021/VM
650 4 _aAdministración de empresa
650 4 _aEmprendimiento
650 4 _aÉxito en los negocios.
650 4 _aMotivación para el rendimiento
650 4 _aCoaching ejecutivo
650 4 _aDinámica de grupos.
910 _aVMateo
942 _2ddc
_cBK
999 _c13506
_d13506